The forest in the sky / Pari Thomson ; ... Read More
Available copies
- 1 of 1 copy available at LARL/NWRL Consortium.
- 1 of 1 copy available at Lake Agassiz Regional Library. (Show preferred library)
Current holds
0 current holds with 1 total copy.
Show Only Available Copies
| Location | Call Number / Copy Notes | Barcode | Shelving Location | Status | Due Date |
|---|---|---|---|---|---|
| Moorhead Public Library | J THO (Text) | 33500014212203 | New | Available | - |
Record details
- ISBN: 9780374391423
- ISBN: 0374391424
- Physical Description: 364 pages : illustrations, map ; 22 cm
- Edition: First edition.
- Publisher: New York : Farrar Straus Giroux, 2025.
Content descriptions
| Summary, etc.: | Daisy and her friends set off to rescue her mother ... Read More |
| Target Audience Note: | Ages 8-12. Farrar Straus Giroux. Grades 4-6. Farrar Straus Giroux. |
Search for related items by subject
| Genre: | Fantasy fiction. Novels. |
Search for related items by series
| LDR | 03295cam a22006738i 4500 | ||
|---|---|---|---|
| 001 | 461260 | ||
| 003 | LARL_NWRL_CONSORTIUM | ||
| 005 | 20250604163008.0 | ||
| 008 | 250317s2025 nyuab j 000 1 eng | ||
| 010 | . | ‡a 2025007518 | |
| 040 | . | ‡aDLC ‡beng ‡erda ‡cDLC ‡dOCLCO ‡dIG# ‡dOCLCQ ‡dCHILD ‡dOCLCO ‡dFAYTV ‡dLE# | |
| 019 | . | ‡a1517925594 | |
| 020 | . | ‡a9780374391423 ‡qhardcover | |
| 020 | . | ‡a0374391424 | |
| 035 | . | ‡a(OCoLC)1511801025 ‡z(OCoLC)1517925594 | |
| 037 | . | ‡bFarrar Straus & Giroux, C/O Mps 16365 James Madison Hwy, Gordonsville, VA, USA, 22942, (540)6727600 ‡nSAN 631-5011 | |
| 042 | . | ‡apcc | |
| 043 | . | ‡asa----- ‡0http://id.loc.gov/vocabulary/geographicAreas/sa | |
| 082 | 0 | 0. | ‡a[Fic] ‡223 |
| 100 | 1 | . | ‡aThomson, Pari, ‡eauthor |
| 245 | 1 | 4. | ‡aThe forest in the sky / ‡cPari Thomson ; illustrations by Elisa Paganelli. |
| 250 | . | ‡aFirst edition. | |
| 264 | 1. | ‡aNew York : ‡bFarrar Straus Giroux, ‡c2025. | |
| 300 | . | ‡a364 pages : ‡billustrations, map ; ‡c22 cm | |
| 334 | . | ‡asingle unit ‡bmono ‡0http://id.loc.gov/vocabulary/issuance/mono | |
| 336 | . | ‡atext ‡btxt ‡2rdacontent ‡0http://id.loc.gov/vocabulary/contentTypes/txt | |
| 336 | . | ‡astill image ‡bsti ‡2rdacontent ‡0http://id.loc.gov/vocabulary/contentTypes/sti | |
| 337 | . | ‡aunmediated ‡bn ‡2rdamedia ‡0http://id.loc.gov/vocabulary/mediaTypes/n | |
| 338 | . | ‡avolume ‡bnc ‡2rdacarrier ‡0http://id.loc.gov/vocabulary/carriers/nc | |
| 385 | . | ‡mAge group ‡nage ‡aPreteens ‡0http://id.loc.gov/authorities/demographicTerms/dg2015060394 | |
| 490 | 0 | . | ‡aGreenwild ; ‡v3 |
| 521 | 1 | . | ‡aAges 8-12. ‡bFarrar Straus Giroux. |
| 521 | 2 | . | ‡aGrades 4-6. ‡bFarrar Straus Giroux. |
| 520 | . | ‡aDaisy and her friends set off to rescue her mother and the other Botanists held captive in the Amazon rainforest, but when their mission is thrown off course they must rely on the magic of Amazeria to defeat their enemies. | |
| 650 | 0. | ‡aMagic ‡vJuvenile fiction. ‡0(LARL_NWRL_CONSORTIUM)165990 | |
| 650 | 0. | ‡aRescues ‡vJuvenile fiction. ‡0(LARL_NWRL_CONSORTIUM)174660 | |
| 651 | 0. | ‡aAmazon River Region ‡vJuvenile fiction. | |
| 650 | 1. | ‡aMagic ‡vFiction. ‡0(LARL_NWRL_CONSORTIUM)165984 | |
| 650 | 1. | ‡aRescues ‡vFiction. ‡0(LARL_NWRL_CONSORTIUM)174659 | |
| 651 | 1. | ‡aAmazon River Region ‡vFiction. | |
| 650 | 1. | ‡aFantasy. ‡0(LARL_NWRL_CONSORTIUM)19981 | |
| 650 | 7. | ‡aMagic ‡vFiction. ‡2sears ‡0(LARL_NWRL_CONSORTIUM)165984 | |
| 650 | 7. | ‡aRescues ‡vFiction. ‡2sears ‡0(LARL_NWRL_CONSORTIUM)174659 | |
| 651 | 7. | ‡aAmazon River Region ‡vFiction. ‡2sears | |
| 655 | 7. | ‡aFantasy fiction. ‡2lcgft | |
| 655 | 7. | ‡aNovels. ‡2lcgft | |
| 700 | 1 | . | ‡aPaganelli, Elisa, ‡d1985- ‡eillustrator. ‡4http://id.loc.gov/vocabulary/relators/ill ‡1https://id.oclc.org/worldcat/entity/E39PCjGTWr7dqJxyb6KKmJMWwC |
| 758 | . | ‡1http://id.loc.gov/resources/instances/24089785 | |
| 758 | . | ‡4http://id.loc.gov/ontologies/bibframe/instanceOf ‡1http://id.loc.gov/resources/works/24089785 | |
| 884 | . | ‡aDLC bibframe2marc v2.10-dev ‡g20250317 ‡qDLC ‡uhttps://github.com/lcnetdev/bibframe2marc/releases/tag/v2.10-dev | |
| 901 | . | ‡a461260 ‡bOCoLC ‡c461260 ‡tbiblio ‡soclc | |

Add to basket
Permalink
Disable Highlighting